1641 1548 1320 1143 1026 1282 1193 1013 1303 1481 1896 1910 1181 1294 1023 1653 1269 1212 1686 1149 1097 1531 1750 1891 1449 1252 1206 1257 1988 1485 1243 1676 1338 1103 1242 1736 1685 1631 1812 1487 1893 1605 1901 1487 1414 1900 1109 1171 1464 1471 1528 1047 1474 1647 1199 1546 1873 1191 1014 1661 1650 1086 1136 1206 1533 1308 1885 1273 1033 1645 1053 1324 1343 1699 1192 1787 1920 1601 1131 1658 1485 1725 1320 1730 1918 1586 1566 1897 1424 1267 1955 1459 1927 1932 1868 1721 1555 1724 1443 BCNSPRNW ULIB Ver.6.0+V

เปลี่ยนเป็นภาษาไทย

Change to English
 แสดงรายละเอียดบรรณานุกรม
  กลับหน้าหลัก

Brief Record : Get Marc (ISO 2709) : E-mail record : QR code < ปิดหน้าต่าง
LEADER : 00000nam 2200000uu 4500
001    13399111009
003     ULIB
008    110614s||||||||th 000 0 tha d
020    9786117046438
050 04 AE71^bก678ล 2552
100 0  Clive Gifford
245 10 โลกพิศวง ของ สายลับจารชน /^cโดย Clive Gifford , แปล ; ปรียารัตน์ มาอินทร์
250    พิมพ์ครั้งที่ 1
260    กรุงเทพฯ :^bเนชั่น เอ็กมอนท์,^c2552
300    64 หน้า :^bภาพประกอบสี
650  7 นักสืบ
650  7 สายลับ
700 0  ปรียารัตน์ มาอินทร์,^eแปล
700 0  อมรเทพ ณ บางช้าง,^eตรวจสอบความถูกต้อง
945    ^p395^l0^i027244
945    ^p395^l0^i027243
995    ทศพร
999 ^a ใช้งานได้ทุกระบบ
รายการนี้ยังไม่มีแท็ก
คุณยังไม่ได้ล็อกอิน คุณสามารถมีกิจกรรมร่วมกับเว็บไซต์ได้ แต่ต้องล็อกอินก่อน ::
  ล็อกอิน

รายการสื่อสารสนเทศ

ลำดับที่ ประเภท เลขเรียก/บาร์โค้ด สถานที่ สถานะ
- ไม่พบข้อมูล -

รายการใกล้เคียง
    หัวเรื่อง [สายลับ]

BibComment


ยังไม่เคยถูกคอมเมนท์

คอมเมนท์ทรัพยากรรายการนี้
  คอมเมนท์: โลกพิศวง ของ สายล..


 Copyright 2026. Bcnsprnw @Library